000 00269nam a2200097Ia 4500
082 _a920 LEVY
245 0 _aRadical engagements : a life in exile
100 _a LEVY, Lorna Auckland Park, 2009
_977324
942 _cBK
008 210817s9999 xx 000 0 und d
999 _c323745
_d323745